Online
Catalog

Seguridad Trasnacional, Antiterrorismo y Crisis Global en el Tercer Milenio / (Record no. 1685)

MARC details
000 -CABECERA
campo de control de longitud fija 00645nam a2200217 a 4500
001 - NÚMERO DE CONTROL
campo de control 000001808
005 - FECHA Y HORA DE LA ÚLTIMA TRANSACCIÓN
campo de control 20200929145717.0
008 - DATOS DE LONGITUD FIJA--INFORMACIÓN GENERAL
campo de control de longitud fija 090629s2009 cu a 001 spa d
020 ## - NÚMERO INTERNACIONAL ESTÁNDAR DEL LIBRO
Número Internacional Estándar del Libro 9789592113367
040 ## - FUENTE DE LA CATALOGACIÓN
Centro catalogador/agencia de origen DO-SdBNP
082 ## - NÚMERO DE LA CLASIFICACIÓN DECIMAL DEWEY
Número de clasificación xxx
Número de documento/Ítem C355s
049 ## - FONDOS LOCALES (OCLC)
Fondos de biblioteca BNPD
100 1# - ENTRADA PRINCIPAL--NOMBRE DE PERSONA
Nombre de persona Castro Espin, Alejandro
9 (RLIN) 5876
245 10 - MENCIÓN DE TÍTULO
Título Seguridad Trasnacional, Antiterrorismo y Crisis Global en el Tercer Milenio /
Mención de responsabilidad, etc. Alejandro Castro Espin.
246 0# - FORMA VARIANTE DE TÍTULO
Título propio/Titulo breve Imperio del terror
260 ## - PUBLICACIÓN, DISTRIBUCIÓN, ETC.
Lugar de publicación, distribución, etc. La Habana, :
Nombre del editor, distribuidor, etc. 2009.
300 ## - DESCRIPCIÓN FÍSICA
Extensión 310 p. :
Otras características físicas il ;
Dimensiones 22 cm.
500 ## - NOTA GENERAL
Nota general Incluye datos biograficos
500 ## - NOTA GENERAL
Nota general Incluye indice
500 ## - NOTA GENERAL
Nota general Incluye bibliografia
Holdings
Estado de retiro Estado de pérdida Restricciones de uso No para préstamo Código de colección Localización permanente Ubicación/localización actual Ubicación en estantería Fecha de adquisición Número de inventario Total de préstamos Signatura topográfica completa Código de barras Fecha visto por última vez Precio válido a partir de Tipo de ítem Koha Número de copia
    Préstamo interno   Monografías: Libros y Folletos General General En catalogación 29.06.2009 LF1   xxx C355s 1808-10 25.06.2020 25.06.2020 Préstamo interno  
    Préstamo restringido Préstamo restrigido Monografías: Libros y Folletos General General En catalogación 29.06.2009 LF1   xxx C355s 1808-20 25.06.2020 25.06.2020 Préstamo interno e. 2

Powered by Koha